| 000 | 00967nam a2200277 a 4500 | ||
|---|---|---|---|
| 001 | BRCA_7745 | ||
| 005 | 20190320205956.0 | ||
| 008 | 060913s1956----ne-ab#####---#000-0#dut-# | ||
| 041 | _adut | ||
| 044 | _ane | ||
| 050 | 4 |
_aND653 _b.R46 1 1956 |
|
| 245 | 1 | 0 |
_aRembrandt _btentoonstelling ter herdenking van de Geboorte van Rembrandt op 15 juli 1606. _cRijkmuseum en Museum Boymans. |
| 260 |
_aAmsterdam _bRijkmuseum _c1956 |
||
| 300 |
_a186 p. _bil., 72 láminas _c19 cm. |
||
| 500 | _aVer también U97 (Schilderigen) y U98 (Etsen) | ||
| 500 | _aU96 | ||
| 505 | 0 | _aContenido: v.1. Tekeningen. -- v.2. Schilderijen. -- v.3. Etsen | |
| 600 | 1 | 4 |
_aRembrandt Hermanszoon van Rijn _d1606-1669 _919167 |
| 650 | 1 | 4 |
_aPintores holandeses _919168 |
| 650 | 1 | 4 |
_aGrabadores holandeses _97366 |
| 650 | 1 | 4 |
_aGalerías y museos _zHolanda _97615 |
| 710 | 2 |
_aRijkmuseum, Holanda _eed. _919169 |
|
| 710 | 2 |
_aMuseum Boymans, Holanda _eed. _919170 |
|
| 902 | _aGFM | ||
| 942 |
_2lcc _cB |
||
| 999 |
_c7419 _d7419 |
||